000 00338nam a2200157Ia 4500
100 _aSiever/ Ellen/ Spainbour/ Stephen
250 _a3
942 _cBK
654 _alinux
245 _aLinux in a Nutshell
260 _bOreilly & Ass Inc
_c2000
082 _a005.133'L'
_bSIE/
300 _a797
546 _aENGLISH
999 _c20490
_d20490